A New Word Order Quiz Stats

 Plays Quiz Updated Feb 12, 2013

Also try: Word Pyramids
Challenge
Share
Tweet
Embed
Score 0/18 Timer 04:00
2 Plays Today
Old Word New Word % Correct
CheapPeach
98.7%
WaysSway
98.6%
LiveVile
97.6%
HoseShoe
97.5%
ShoresHorses
93.7%
GumsSmug
89.2%
NopePeon
79.2%
LoserRoles
76.2%
RebateBerate
72%
Old Word New Word % Correct
DashedShaded
66.1%
TranceRecant
58%
PerliteReptile
57.5%
LodgeOgled
56.2%
RepairRapier
56.1%
TailedDilate
32.3%
MaceratedDemarcate
32.1%
ScrapeCapers
28%
DerivatesAdvertise
16.3%

You're not logged in!

Compare scores with friends on all Sporcle quizzes.
Join for Free
OR
Log In

You Might Also Like...

Show Comments

Extras

Top Quizzes Today


Score Distribution

Your Account Isn't Verified!

In order to create a playlist on Sporcle, you need to verify the email address you used during registration. Go to your Sporcle Settings to finish the process.

Report this User

Report this user for behavior that violates our Community Guidelines.

Details: